| 000 | 01378nam a2200397Ii 4500 | ||
|---|---|---|---|
| 001 | DIGLINK00573 | ||
| 003 | NyNyDIG | ||
| 006 | m o d | ||
| 007 | cr ||||||||||| | ||
| 008 | 140101s2011 sp o 000 0 spa d | ||
| 020 |
_a9788498976175 _q(eBook) |
||
| 020 | _z9788498161458 | ||
| 040 |
_aDGITA _beng _epn _cDGITA |
||
| 043 | _as-uy--- | ||
| 050 | 1 | 4 | _aKHU2914 1997 eBook |
| 110 | 1 |
_aUruguay _tConstitution. |
|
| 240 | 1 | 0 | _aConstitución |
| 245 | 1 | 0 | _aConstituciones fundacionales de Uruguay |
| 264 | 1 |
_aBarcelona : _bwww.Linkgua.com, _c2011. |
|
| 300 | _a1 online resource (34 pages) | ||
| 336 |
_atext _btxt _2rdacontent |
||
| 337 |
_acomputer _bc _2rdamedia |
||
| 338 |
_aonline resource _bcr _2rdacarrier |
||
| 490 | 1 | _aLeyes. | |
| 505 | 0 | _aConstitución de 1830 (10 de septiembre de 1829, con reformas de 28 de agosto de 1912) -- Ley de Reforma Constitucional de 28 de agosto de 1912. | |
| 650 | 0 |
_aConstitutional law _zUruguay. |
|
| 650 | 0 |
_aConstitutions _zUruguay. |
|
| 650 | 0 |
_aConstitutional history _zUruguay. |
|
| 655 | 0 | _aElectronic books. | |
| 791 | 2 |
_aDigitalia (Firm), _edistributor. |
|
| 830 | 0 | _aLeyes (Linkgua Ediciones) | |
| 793 | 0 |
_gDigitalia eBook Collection: _aLinkgua. |
|
| 856 | 4 | 0 |
_3Digitalia Hispánica _uhttps://www.digitaliapublishing.com/a/15431/ |
| 910 | _aPremium Collection: 2007-2012 | ||
| 942 | _cRAA | ||
| 999 |
_c234145 _d234145 |
||